00860 a2200253 4500003000500000005001700005010001600022020001500038040000900053082001800062100002000080245006000100250001300160260003900173300003000212505017700242650003200419650003300451650004000484650002100524650002300545650001900568650001900587Nust20221017134229.0 a 80019415 a0876302436 cNust00a616.80475,SMA1 aSmall, Leonard,10aNeuropsychodiagnosis in psychotherapy /cLeonard Small. aRev. ed. aNew York :bBrunner/Mazel,cc1980. axxxiii, 407 p. ;c24 cm. aSymptoms and Syndromes of Special Concern to the Psychotherapist (Page-3), Applications for Psychotherapist (Page-259), Neuropsychology and Neuropsychodiagnosis (Page-321). 0aBrainxDiseasesxDiagnosis. 0aMental disordersxDiagnosis. 0aNervous system diseasesxDiagnosis. 0aNeuropsychology. 0aPsychodiagnostics. 0aPsychotherapy. 0aPsychotherapy.